000 01558cam a22001934a 4500
005 20250605164125.0
008 250528s ||||||||||||||||||||||||d
035 _a18440
020 _a9604020277
040 _aGR-AtMCL
_bgre
_dGR-AtMCL
_eAACR2
245 1 _aΠαγκοσμιοποίηση και ΟΝΕ και Οικονομική Προσαρμογή / Η Περίπτωση της Ελλάδας
260 _bΤυπωθήτω,
_c2002
300 _a216
520 _aΣκοπός της παρούσας μελέτης είναι να διερευνήσει τα βασικά χαρακτηριστικά, το περιεχόμενο και τις συνέπειες της οικονομικής πολιτικής που εφαρμόστηκε στην Ελλάδα στις δεκαετίες 1980 και 1990. Ευχαριστίες, Εισαγωγή, Παγκοσμιοποίηση και ΟΝΕ και το Νέο Παλίσιο Οικονομικής Διαχείρισης, Πολιτικοί-Εκλογικοί Κύκλοι και η Νεοφιλελεύθερη Προσαρμογή της Οικονομικής Πολιτικής, Μετασχηματισμός και Προσαρμογή του Μακροοικονομικού Συστήματος: Ο Ρόλος της Οικονομικής Πολιτικής, Αντί Επιλόγου: Ανάπτυξη και Οικονομική Πολιτική, Βιβλιογραφία.
700 1 _aΑργείτης Γιώργος
_94706
942 _cBK
999 _c3801
_d3801